000 00639cam a22002411 4500
001 sa 68000902
003 DLC
005 20260227112428.0
008 890420s1964 xx 000 0 tamo
010 _asa 68000902
035 _a(OCoLC)23546542
040 _aDLC
_cMiU
_dDLC
043 _aa-ii---
050 0 0 _aHC437.M3
_bB45
100 1 _aPaktavatcalam, Em.,
_d1897-1987.
245 1 0 _aVaḷarum Tamilakam.
260 _c[1964]
300 _a184 p.
_c18 cm.
500 _aRomanized.
651 0 _aTamil Nadu (India)
_xEconomic conditions.
651 0 _aTamil Nadu (India)
_xEconomic policy.
700 1 _aNamasivayam, M.,
_ecomp.
999 _c77534
_d77534